The Last Dinner Party Songs - Statistics

General Stats
  • This quiz has been taken 69 times
  • The average score is 12 of 16
Answer Stats
Hint Answer % Correct
Prelude to Ecstasy Nothing Matters
96%
Prelude to Ecstasy Prelude to Ecstasy
88%
Prelude to Ecstasy Sinner
88%
Prelude to Ecstasy The Feminine Urge
88%
Prelude to Ecstasy Burn Alive
84%
Prelude to Ecstasy Beautiful Boy
80%
Prelude to Ecstasy Caesar on a TV Screen
78%
Prelude to Ecstasy Mirror
78%
Prelude to Ecstasy My Lady of Mercy
76%
Prelude to Ecstasy Portrait of a Dead Girl
71%
Prelude to Ecstasy Gjuha
67%
Unreleased This is the Killer Speaking
67%
Prelude to Ecstasy On Your Side
63%
Unreleased Second Best
59%
Unreleased Big Dog
47%
Unreleased Godzilla
37%
No matching quizzes found
Score Distribution
Percent of People with Each Score
Percentile by Number Answered
Your Score History
You have not taken this quiz